[Event "AUTO-INT-1296"]
[Site "http://www.queenalice.com/game.php?id=638602"]
[Date "2009.8.18"]
[Round "2"]
[White "niclep"]
[Black "auripes"]
[Result "0-1"]
[WhiteElo "1812"]
[BlackElo "1735"]

1. e4 e5 2. Bc4 Nf6 3. Nc3 Bb4 4. Nge2 d6 5. a3 Bxc3 6. Nxc3 Be6 7. Bxe6 fxe6 8.
d3 d5 9. O-O Nc6 10. Be3 d4 11. Bxd4 exd4 12. Ne2 e5 13. Ng3 Qd7 14. h3 O-O-O
15. Re1 h5 16. Qd2 Rdg8 17. Qg5 Qe6 18. f4 exf4 19. Qxf4 g5 20. Qf2 h4 21. Nf5
g4 22. Nxh4 gxh3 23. g3 Rxh4 24. Kh1 Rh7 0-1

[Event "AUTO-INT-1296"]
[Site "http://www.queenalice.com/game.php?id=638603"]
[Date "2009.8.18"]
[Round "2"]
[White "auripes"]
[Black "niclep"]
[Result "0-1"]
[WhiteElo "1754"]
[BlackElo "1781"]

1. e4 e5 2. Nf3 Nc6 3. Bc4 h6 4. Nc3 Nf6 5. O-O d6 6. d3 Be7 7. Be3 a6 8. a4 O-O
9. Nd5 Ng4 10. Nxe7+ Qxe7 11. Bd2 a5 12. c3 b6 13. Bd5 Bd7 14. d4 Rad8 15. b4
Nf6 16. dxe5 dxe5 17. b5 Nb8 18. Re1 c6 19. Bc4 Rc8 20. Bd3 Rfd8 21. c4 Bg4 22.
Qe2 Nbd7 23. h3 Nc5 24. Bc2 Bxf3 25. gxf3 Qd7 26. Kh2 Qxd2 27. Rad1 Qxe2 28.
Rxe2 Ne6 29. Rxd8+ Rxd8 30. bxc6 Nd4 31. Rd2 Nxf3+ 32. Kg3 Nxd2 33. f3 Nxc4 34.
Bb3 Nd6 35. Kf2 Rc8 36. h4 Rxc6 37. Kg3 Rc3 38. Bd5 Nxd5 39. exd5 Rd3 40. Kg4
Rxd5 41. f4 Rd4 42. Kf3 exf4 43. h5 Rxa4 44. Kg4 Rb4 45. Kf3 a4 46. Kg4 a3 47.
Kf3 a2 48. Kg4 a1=R 49. Kf3 Ra3+ 50. Kg4 f3+ 51. Kg3 f2+ 52. Kxf2 Rb2+ 53. Ke1
Ra1# 0-1

[Event "Challenge"]
[Site "http://www.queenalice.com/game.php?id=644266"]
[Date "2009.8.29"]
[Round "-"]
[White "Saintsalles"]
[Black "auripes"]
[Result "0-1"]
[WhiteElo "1762"]
[BlackElo "1739"]

1. d4 d5 2. Nc3 Nf6 3. Bg5 h6 4. Bxf6 gxf6 5. e3 Nc6 6. Bb5 a6 7. Bxc6+ bxc6 8.
h3 e5 9. Nge2 Be6 10. f3 c5 11. dxe5 fxe5 12. Qd2 d4 13. exd4 cxd4 14. Ne4 f5
15. N4g3 Be7 16. a3 f4 17. Ne4 Rg8 18. Rg1 Bh4+ 19. g3 fxg3 20. O-O-O Qd5 21. b3
Qc6 22. Qd3 Rb8 23. f4 Rxb3 24. c3 Rxa3 25. Kd2 Ra2+ 26. Ke1 g2+ 27. Nf2 Bc4 28.
Qe4 Qxe4 0-1

[Event "AUTO-OPEN-1717"]
[Site "http://www.queenalice.com/game.php?id=664916"]
[Date "2009.10.9"]
[Round "1"]
[White "kudd"]
[Black "auripes"]
[Result "0-1"]
[WhiteElo "1667"]
[BlackElo "1792"]

1. e4 e5 2. Nf3 Nc6 3. Bb5 a6 4. Bxc6 bxc6 5. Nxe5 Nf6 6. Qe2 Bb7 7. d4 Be7 8.
Qc4 d5 9. Qb3 Nxe4 10. Qxb7 O-O 11. Qxc6 f6 12. Qe6+ Kh8 13. Nf7+ Rxf7 14. Qxf7
c5 15. dxc5 Bxc5 16. O-O Qb6 17. h3 Bxf2+ 18. Rxf2 Qxf2+ 19. Kh2 Qg3+ 20. Kg1
Qe1+ 21. Kh2 Qxc1 22. Qxd5 Re8 23. Qc6 Qf4+ 24. Kg1 Qe5 25. Na3 Nd6 26. c3 Nf5
27. Nc4 Qe2 28. Rf1 Ng3 29. Rf3 Qe1+ 30. Kh2 h5 31. Rxg3 h4 32. Rf3 Kh7 33. Rf4
Qg3+ 34. Kg1 Qxf4 35. Qxe8 Qxc4 36. a4 Kh6 37. Kf2 Qf4+ 38. Kg1 Qd2 39. Qh8+ Kg6
40. Qxh4 Qxb2 41. c4 Qa1+ 42. Kh2 Qxa4 43. Qe4+ Kf7 44. Qd5+ Kg6 45. c5 Qf4+ 46.
Kg1 Qf5 47. Qd6 Kf7 48. Qc7+ Kg6 49. g4 Qb1+ 50. Kg2 Qc2+ 51. Kg3 Qc3+ 52. Kf4
Qxh3 53. Qd7 Qf1+ 54. Kg3 Qg1+ 55. Kf4 Qxc5 56. Qd3+ Kf7 57. Qxa6 g5+ 58. Kg3
Qg1+ 59. Kf3 Qh1+ 60. Kg3 Qh4+ 61. Kf3 Qh3+ 62. Ke4 Qxg4+ 63. Kd5 Kg6 64. Qe6
Qf5+ 65. Qxf5+ Kxf5 66. Kd4 Kf4 67. Kd5 f5 68. Kd4 g4 69. Kd3 Kf3 0-1

[Event "AUTO-OPEN-1717"]
[Site "http://www.queenalice.com/game.php?id=664917"]
[Date "2009.10.9"]
[Round "1"]
[White "auripes"]
[Black "kudd"]
[Result "1-0"]
[WhiteElo "1779"]
[BlackElo "1654"]

1. e4 e5 2. Nf3 d6 3. Nc3 a6 4. d4 Bg4 5. h3 Bxf3 6. gxf3 Qe7 7. dxe5 Qxe5 8.
Be3 Nc6 9. f4 Qe7 10. Nd5 Qd7 11. Bd3 O-O-O 12. Qe2 Nf6 13. Bxa6 Nb8 14. Bxb7+
Kxb7 15. Qd3 Nxd5 16. Qxd5+ Kc8 17. O-O-O c6 18. Qa5 Be7 19. Rd3 Rde8 20. Rb3
Bd8 21. Qa4 Bc7 22. f5 Re5 23. Rd1 Ra5 24. Qd4 f6 25. a3 Re8 26. f4 h5 27. Bd2
h4 28. Bxa5 Bxa5 29. Qc4 Qa7 30. Rxd6 Rd8 31. Qe6+ Nd7 32. Rxc6+ Bc7 33. Rd3
Qg1+ 34. Rd1 Qe3+ 35. Kb1 Qxh3 36. Qc4 Qf3 37. Rxc7+ Kb8 38. Rcxd7 Rxd7 39. Rxd7
Qxf4 40. Qb5+ Kc8 41. Qb7# 1-0

[Event "AUTO-OPEN-1717"]
[Site "http://www.queenalice.com/game.php?id=664946"]
[Date "2009.10.9"]
[Round "1"]
[White "alamanerademachine"]
[Black "auripes"]
[Result "0-1"]
[WhiteElo "1313"]
[BlackElo "1803"]

1. e4 e5 2. Nf3 Nc6 3. d4 exd4 4. Nxd4 Nf6 5. f3 d5 6. exd5 Nxd4 7. Qxd4 Qxd5 8.
Qe3+ Qe6 9. Bc4 Qxe3+ 10. Bxe3 Be6 11. Bb5+ c6 12. Ba4 b5 13. Bb3 Bxb3 14. axb3
Bd6 15. O-O O-O 16. Ra6 Nd5 17. Bd4 Nb4 18. Ra5 Nxc2 19. Bf2 Rfe8 20. g4 a6 21.
Rd1 Be5 22. Nc3 Nb4 23. Bg3 Bxg3 24. hxg3 g5 25. Rd4 Nc2 26. f4 Nxd4 27. fxg5
Nf3+ 28. Kg2 Nxg5 29. Ra1 b4 30. Na4 Re2+ 31. Kf1 Rae8 32. Nc5 a5 33. Nd3 Nh3
34. Rc1 R2e3 35. Ne1 Rxg3 36. Nf3 Rxf3+ 37. Kg2 Ng5 38. Rc2 Rxb3 39. Rd2 Ne4 40.
Re2 Re6 41. g5 Nxg5 42. Rf2 Nh3 43. Rd2 Nf4+ 44. Kf2 Nd3+ 45. Kf3 Nxb2+ 46. Kf2
Nc4 47. Rd8+ Kg7 48. Rd4 Ne5 49. Rd5 cxd5 50. Ke2 Ng4+ 51. Kd2 Rh6 52. Kc2 a4
53. Kd2 Rh2+ 54. Kd1 Rg3 0-1

[Event "AUTO-OPEN-1717"]
[Site "http://www.queenalice.com/game.php?id=664947"]
[Date "2009.10.9"]
[Round "1"]
[White "auripes"]
[Black "alamanerademachine"]
[Result "1-0"]
[WhiteElo "1790"]
[BlackElo "1245"]

1. e4 e6 2. d4 d5 3. e5 Qh4 4. Nf3 Qe4+ 5. Be2 Nc6 6. Nc3 Bb4 7. O-O Qg6 8. a3
Be7 9. Bd3 Qh5 10. Be3 f6 11. Bb5 fxe5 12. dxe5 Kd8 13. b4 a6 14. Be2 g5 15.
Nxg5 Qg6 16. f4 h6 17. Bd3 Qg7 18. Nf3 Bf6 19. exf6 Qxf6 20. Ne5 Nge7 21. Nxc6+
bxc6 22. Qd2 Rg8 23. a4 Qg7 24. b5 cxb5 25. axb5 axb5 26. Rxa8 c6 27. Nxb5 Nf5
28. Bb6+ Ke8 29. Rxc8+ Kd7 30. Rc7+ Ke8 31. Rxg7 Rxg7 32. Bxf5 cxb5 33. Bxe6 Rg6
34. Qe2 Ke7 35. Bf5+ Kf7 36. Bxg6+ Kxg6 37. f5+ Kg5 38. Bd8# 1-0

[Event "AUTO-ADV-1533"]
[Site "http://www.queenalice.com/game.php?id=679784"]
[Date "2009.11.8"]
[Round "1"]
[White "Montfort"]
[Black "auripes"]
[Result "1-0"]
[WhiteElo "1981"]
[BlackElo "1828"]

1. c4 e5 2. Nc3 Nc6 3. Nf3 Nf6 4. g3 Bc5 5. Bg2 d6 6. O-O Bf5 7. Nh4 g6 8. Nxf5
gxf5 9. Qa4 a6 10. Bxc6+ bxc6 11. Qxc6+ Kf8 12. d4 Bxd4 13. Bh6+ Kg8 14. Qf3 Ng4
15. Be3 Bxe3 16. fxe3 f6 17. Qxf5 Nxe3 18. Qe6+ Kg7 19. Rf3 Nc2 20. Raf1 Rf8 21.
Ne4 Nd4 22. Qg4+ Kh8 23. Rxf6 Qe7 24. e3 Rg8 25. Ng5 Raf8 26. Rxf8 Rxf8 27.
Rxf8+ Qxf8 28. exd4 h6 29. Qf3 Qxf3 30. Nxf3 e4 31. Nd2 e3 32. Ne4 Kg7 33. Nc3
Kf6 34. Nd5+ Kg5 35. Nxe3 c5 36. dxc5 dxc5 37. Kf2 Kf6 38. Kf3 Ke5 39. g4 a5 40.
h4 a4 41. g5 hxg5 42. hxg5 Ke6 43. Kg4 Kf7 44. Kh5 Kg8 45. Kg6 Kh8 46. Kf7 Kh7
47. g6+ Kh6 48. g7 Kg5 49. g8=Q+ Kf4 50. Qe8 Kf3 51. Nd5 Kg4 52. Qe5 Kf3 53.
Qe3+ Kg2 54. Nf4+ Kh2 55. Qf3 a3 56. Qg2# 1-0

[Event "AUTO-ADV-1533"]
[Site "http://www.queenalice.com/game.php?id=679785"]
[Date "2009.11.8"]
[Round "1"]
[White "auripes"]
[Black "Montfort"]
[Result "0-1"]
[WhiteElo "1839"]
[BlackElo "1966"]

1. e4 e6 2. d4 d5 3. Nc3 Nf6 4. e5 Nfd7 5. Nf3 a6 6. Bd3 c5 7. Be3 Nc6 8. Ng5
cxd4 9. Qf3 Ndxe5 10. Qf4 dxe3 11. fxe3 Bd6 12. O-O f6 13. Nge4 dxe4 14. Bxe4
Nc4 15. Qf3 N6e5 16. Qe2 Qc7 17. b3 Nxe3 18. Qxe3 Bc5 19. Nd5 Bxe3+ 20. Nxe3 Qc5
21. Rae1 Ng4 22. Rf3 Nxe3 23. Rfxe3 O-O 24. Kh1 e5 25. c4 f5 26. Bc2 Re8 27. h4
Qd4 28. g3 f4 29. gxf4 Qxf4 30. R1e2 Bd7 31. h5 Bc6+ 32. Be4 Qf1+ 33. Kh2 Bxe4
34. Rxe4 Rad8 35. Rg2 Rd1 36. Reg4 Re7 37. h6 Qh1+ 38. Kg3 Rd3+ 39. Kf2 Rf7+ 40.
Ke2 Qd1# 0-1

[Event "AUTO-ADV-1533"]
[Site "http://www.queenalice.com/game.php?id=679802"]
[Date "2009.11.8"]
[Round "1"]
[White "auripes"]
[Black "ReidoBaralho"]
[Result "1-0"]
[WhiteElo "1805"]
[BlackElo "1638"]

1. e4 e5 2. Nf3 Bd6 3. Bc4 Nf6 4. d3 Bc5 5. Nxe5 d5 6. exd5 Nxd5 7. Qf3 Be6 8.
Nc3 O-O 9. Nxd5 c6 10. Nf4 Bxc4 11. Nxc4 Na6 12. O-O Qf6 13. Be3 Bxe3 14. fxe3
Nb4 15. Nh5 Qe6 16. Qg3 g6 17. Rf2 b5 18. Ne5 Nd5 19. Raf1 f5 20. d4 Kh8 21. Nf4
Nxf4 22. Rxf4 c5 23. Rh4 cxd4 24. Nxg6+ Kg7 25. Nf4+ 1-0

[Event "AUTO-ADV-1533"]
[Site "http://www.queenalice.com/game.php?id=679803"]
[Date "2009.11.8"]
[Round "1"]
[White "ReidoBaralho"]
[Black "auripes"]
[Result "0-1"]
[WhiteElo "1675"]
[BlackElo "1829"]

1. e4 e5 2. Qh5 Nc6 3. Bb5 Nf6 4. Qf3 Nd4 5. Qd3 a6 6. Bc4 d5 7. exd5 Nxd5 8.
Qe4 Be6 9. c3 f5 10. Qxe5 Nc2+ 11. Kd1 Nxa1 12. Qxe6+ Qe7 13. Qxd5 c6 14. Qxf5
g6 15. Qf3 O-O-O 16. b3 Qd7 17. Bb2 Bh6 18. d4 Rhf8 19. Qg3 Qf5 20. Bd3 Qxf2 21.
Qg4+ Kb8 22. Bxa1 Qxa2 23. Ne2 Qxa1 24. b4 Rf6 25. Qg3+ Ka8 26. Qc7 Rdf8 27. Nc1
Qa4+ 28. Bc2 Rf1+ 29. Rxf1 Rxf1+ 30. Ke2 Qxc2+ 31. Kxf1 Qxc1+ 32. Kf2 Qxb1 33.
Qd8+ Ka7 34. Qh4 Qc2+ 35. Kf3 Qxc3+ 36. Ke4 Qe3# 0-1

[Event "AUTO-OPEN-1717"]
[Site "http://www.queenalice.com/game.php?id=920774"]
[Date "2011.4.2"]
[Round "3"]
[White "auripes"]
[Black "pcmvr"]
[Result "0-1"]
[WhiteElo "1782"]
[BlackElo "1787"]

1. e4 e6 2. d4 d5 3. Nc3 Nf6 4. e5 Nfd7 5. Nf3 c5 6. Bg5 Qb6 7. b3 cxd4 8. Nxd4
Bb4 9. Bd2 Qxd4 10. Nb5 Bxd2+ 11. Qxd2 Qxa1+ 12. Qd1 Qxe5+ 13. Be2 Nc6 14. O-O
a6 15. Na3 Qb2 0-1

[Event "AUTO-OPEN-1717"]
[Site "http://www.queenalice.com/game.php?id=920775"]
[Date "2011.4.2"]
[Round "3"]
[White "pcmvr"]
[Black "auripes"]
[Result "1-0"]
[WhiteElo "1770"]
[BlackElo "1799"]

1. b4 d5 2. Bb2 e5 3. Bxe5 Nc6 4. Bb2 Nf6 5. b5 Nb4 6. a3 Bd7 7. axb4 Bxb5 8.
Nc3 c6 9. Nxb5 cxb5 10. e3 Bxb4 11. Bxb5+ Ke7 12. Nf3 a6 13. Bd3 Re8 14. Bxf6+
gxf6 15. Rb1 1-0